[Event "Titled Tuesday intern op 21st May Early"]
[Site "Chess.com INT"]
[Date "2024.05.21"]
[Round "8"]
[White "Karimova, Guldona"]
[Black "Nadeev, Sergey Vladimirovic"]
[Result "0-1"]
[WhiteElo "2070"]
[BlackElo "2274"]
[PlyCount "136"]
[EventDate "2024.05.21"]
[EventType "swiss (blitz)"]
[EventRounds "11"]
[EventCountry "USA"]
[SourceTitle "CBM 220 Extra"]
[Source "ChessBase"]
[SourceDate "2024.07.31"]
[SourceVersion "1"]
[SourceVersionDate "2024.07.31"]
[SourceQuality "1"]

1. e4 e5 2. Nf3 Nc6 3. Bb5 a6 4. Ba4 Nf6 5. 0-0 Be7 6. Re1 b5 7. Bb3 0-0 8. c3 d5 9. exd5 Nxd5 10. Nxe5 Nxe5 11. Rxe5 c6 12. d4 Bd6 13. Re1 Qh4 14. g3 Qh3 15. Be3 Bg4 16. Qd3 Rae8 17. Nd2 f5 18. Qf1 Qh5 19. f4 g5 20. fxg5 f4 21. Bxf4 Be2 22. Qf2 Bxf4 23. gxf4 h6 24. Qg3 Kh8 25. Bxd5 cxd5 26. Nf1 Re4 27. Qg2 Bxf1 28. Rxf1 hxg5 29. Rf3 Rexf4 30. Rxf4 gxf4 31. Kh1 Rg8 32. Qf2 Rg4 33. Rf1 Qf5 34. Qf3 Qe4 35. Rf2 Kh7 36. Rf1 Kh6 37. Rf2 Kg5 38. Rf1 Kh4 39. Rf2 Kg5 40. Rf1 Kf5 41. Rf2 Qxf3+ 42. Rxf3 Ke4 43. Rf1 f3 44. h3 Rg2 45. b3 Ke3 46. h4 Ke2 47. Rb1 Rg4 48. h5 Rh4+ 49. Kg1 f2+ 50. Kg2 Rg4+ 51. Kh2 f1Q 52. Rxf1 Kxf1 53. Kh3 Rg8 54. Kh4 Kf2 55. h6 Kf3 56. Kh5 Ke4 57. h7 Rh8 58. Kh6 Kd3 59. c4 bxc4 60. bxc4 Kxc4 61. Kg7 Rxh7+ 62. Kxh7 Kxd4 63. Kg6 Kc3 64. Kf5 d4 65. Ke4 d3 66. a4 d2 67. Kd5 d1Q+ 68. Kc5 Qxa4 0-1

[Event "Titled Tuesday intern op 02nd Jan Early"]
[Site "Chess.com INT"]
[Date "2024.01.02"]
[Round "3"]
[White "Nadeev, Sergey Vladimirovic"]
[Black "Bordi, Kevin Claude"]
[Result "0-1"]
[WhiteElo "2274"]
[BlackElo "2288"]
[PlyCount "162"]
[EventDate "2024.01.02"]
[EventType "swiss (blitz)"]
[EventRounds "11"]
[EventCountry "USA"]
[SourceTitle "EXT 2025"]
[Source "ChessBase"]
[SourceDate "2024.10.14"]
[SourceVersion "1"]
[SourceVersionDate "2024.10.14"]
[SourceQuality "1"]

1. e4 d5 2. exd5 Qxd5 3. Nc3 Qa5 4. d4 Nf6 5. Nf3 Nc6 6. Bb5 Ne4 7. 0-0 Nxc3 8. Bxc6+ bxc6 9. Qd2 Bg4 10. Qxc3 Qxc3 11. bxc3 Bxf3 12. gxf3 e6 13. Rb1 Kd7 14. Be3 Bd6 15. c4 c5 16. dxc5 Be7 17. Rfd1+ Kc6 18. Kf1 Rhd8 19. Rd3 Bxc5 20. Ke2 Rd6 21. Rb5 Bb6 22. Rh5 h6 23. c5 Rxd3 24. cxd3 Ba5 25. Rh4 Rb8 26. Ra4 Rb2+ 27. Kf1 Kb5 28. Rd4 Rxa2 29. Rd7 Kc6 30. Rxf7 Bc3 31. Re7 e5 32. Rxg7 a5 33. Rg6+ Kb5 34. Rg7 a4 35. Rxc7 a3 36. Rb7+ Kc6 37. Rb6+ Kc7 38. Ra6 Bb4 39. Ra7+ Kc6 40. Ra6+ Kc7 41. Ra7+ Kc8 42. c6 Rc2 43. Ra6 Kc7 44. Kg2 Rxc6 45. Ra4 Bd6 46. d4 exd4 47. Bxd4 Rc2 48. Bg7 h5 49. f4 a2 50. f5 Kc6 51. f6 Kb5 52. Ra8 Bc5 53. Kg3 Bxf2+ 54. Kh3 Bd4 55. Bh8 a1Q 56. Rxa1 Bxa1 57. f7 Rf2 58. Bxa1 Rxf7 59. Kh4 Rf5 60. Bb2 Kc4 61. Bc1 Kd5 62. Bg5 Ke6 63. Kxh5 Kf7 64. h4 Kg7 65. Kg4 Rd5 66. Kh5 Kh7 67. Kg4 Kg6 68. h5+ Kg7 69. Bf4 Rb5 70. Bg5 Kf7 71. Bf4 Ke6 72. h6 Kf7 73. Bg5 Kg6 74. Bf4 Rb4 75. Kf3 Kf5 76. Be3 Rh4 77. Bd2 Rh3+ 78. Ke2 Ke4 79. Kf1 Kf3 80. Kg1 Rh5 81. Bc1 Rd5 0-1

[Event "Titled Tuesday intern op 05th Dec Late"]
[Site "Chess.com INT"]
[Date "2023.12.05"]
[Round "3"]
[White "Nadeev, Sergey Vladimirovic"]
[Black "De Souza, Cristiano Gomes"]
[Result "1-0"]
[WhiteElo "2274"]
[BlackElo "2018"]
[PlyCount "63"]
[EventDate "2023.12.05"]
[EventType "swiss (blitz)"]
[EventRounds "11"]
[EventCountry "USA"]
[SourceTitle "EXT 2025"]
[Source "ChessBase"]
[SourceDate "2024.10.14"]
[SourceVersion "1"]
[SourceVersionDate "2024.10.14"]
[SourceQuality "1"]

1. e4 c5 2. Nf3 d6 3. d4 cxd4 4. Nxd4 Nf6 5. Nc3 a6 6. Bg5 e6 7. f4 Be7 8. Qf3 h6 9. Bh4 g5 10. fxg5 Nfd7 11. 0-0-0 Bxg5+ 12. Bxg5 Qxg5+ 13. Kb1 Ne5 14. Qh3 Ke7 15. Be2 Nbc6 16. Nf3 Bd7 17. Nxg5 hxg5 18. Qg3 f6 19. h4 gxh4 20. Rxh4 Rag8 21. Rh7+ Kd8 22. Rxh8 Rxh8 23. Qg7 Rh2 24. Qxf6+ Kc7 25. Qe7 Rxg2 26. Qxd6+ Kc8 27. Bc4 Nxc4 28. Qxd7+ Kb8 29. Qxe6 Nd2+ 30. Kc1 Nf3 31. Qd6+ Ka8 32. Qf8+ 1-0

[Event "Titled Tuesday intern op 21st Dec"]
[Site "Chess.com INT"]
[Date "2021.12.21"]
[Round "3"]
[White "Demchenko, Anton"]
[Black "Nadeev, Sergey Vladimirovic"]
[Result "1-0"]
[WhiteElo "2654"]
[BlackElo "2274"]
[PlyCount "41"]
[EventDate "2021.12.21"]
[EventType "swiss (blitz)"]
[EventRounds "11"]
[EventCountry "USA"]
[SourceTitle "CBM 205 Extra"]
[Source "ChessBase"]
[SourceDate "2022.01.31"]
[SourceVersion "1"]
[SourceVersionDate "2022.01.31"]
[SourceQuality "1"]

1. e4 e5 2. Nf3 Nc6 3. Bc4 Nf6 4. d3 Bc5 5. 0-0 0-0 6. Nbd2 d5 7. exd5 Nxd5 8. Re1 Bg4 9. h3 Bh5 10. Ne4 Be7 11. Ng3 Bg6 12. Nxe5 Nxe5 13. Rxe5 Nb6 14. Bb3 Bd6 15. Re1 Qh4 16. Qf3 Rae8 17. Bd2 c6 18. Nf5 Bxf5 19. Rxe8 Rxe8 20. Qxf5 Re7 21. Bg5 1-0

[Event "Titled Tuesday intern op 21st Dec"]
[Site "Chess.com INT"]
[Date "2021.12.21"]
[Round "1"]
[White "Martinez Alcantara, Jose Eduardo"]
[Black "Nadeev, Sergey Vladimirovic"]
[Result "1-0"]
[WhiteElo "2615"]
[BlackElo "2274"]
[PlyCount "73"]
[EventDate "2021.12.21"]
[EventType "swiss (blitz)"]
[EventRounds "11"]
[EventCountry "USA"]
[SourceTitle "CBM 205 Extra"]
[Source "ChessBase"]
[SourceDate "2022.01.31"]
[SourceVersion "1"]
[SourceVersionDate "2022.01.31"]
[SourceQuality "1"]

1. e4 e5 2. Nf3 Nc6 3. Bb5 a6 4. Ba4 Nf6 5. d3 b5 6. Bb3 Bc5 7. a4 Bb7 8. c3 0-0 9. Bg5 Be7 10. Nbd2 h6 11. Bh4 d6 12. 0-0 Na5 13. Ba2 c5 14. Re1 b4 15. Bxf6 Bxf6 16. Nc4 Nxc4 17. Bxc4 bxc3 18. bxc3 d5 19. exd5 Bxd5 20. Nd2 Bc6 21. Ne4 Be7 22. a5 Qc7 23. Ng3 g6 24. Qe2 Bf6 25. Ne4 Bxe4 26. dxe4 Rfd8 27. Bd5 Ra7 28. Reb1 Rb8 29. Qa2 Bd8 30. Bxf7+ Kg7 31. Rxb8 Qxb8 32. Bc4 Rb7 33. Qc2 Rd7 34. g3 h5 35. h4 Rb7 36. Qd3 Qc7 37. Qd5 1-0

[Event "Titled Tuesday intern op 21st Dec"]
[Site "Chess.com INT"]
[Date "2021.12.21"]
[Round "4"]
[White "Nadeev, Sergey Vladimirovic"]
[Black "Muromtsev, Arthur"]
[Result "1-0"]
[WhiteElo "2274"]
[BlackElo "2129"]
[PlyCount "99"]
[EventDate "2021.12.21"]
[EventType "swiss (blitz)"]
[EventRounds "11"]
[EventCountry "USA"]
[SourceTitle "CBM 205 Extra"]
[Source "ChessBase"]
[SourceDate "2022.01.31"]
[SourceVersion "1"]
[SourceVersionDate "2022.01.31"]
[SourceQuality "1"]

1. d4 Nf6 2. Bf4 h5 3. Nc3 d5 4. h4 g6 5. Nf3 Bg7 6. Qd2 Be6 7. Ng5 Bf5 8. f3 c6 9. 0-0-0 b5 10. e4 dxe4 11. fxe4 Bg4 12. Be2 b4 13. Na4 Bxe2 14. Qxe2 Qa5 15. b3 Nbd7 16. Rhf1 Nb6 17. Nc5 Qxa2 18. Qa6 Qxa6 19. Nxa6 0-0 20. Nxb4 Rfc8 21. Na6 Ne8 22. Be3 Nd6 23. c4 f6 24. Ne6 Nxe4 25. Nec7 f5 26. Nxa8 Nxa8 27. Kc2 Bf6 28. Rh1 Nb6 29. Nc5 Kf7 30. Nxe4 fxe4 31. Bg5 Bg7 32. g3 Ke8 33. Rhf1 a5 34. Be3 a4 35. d5 axb3+ 36. Kxb3 Nd7 37. dxc6 Rxc6 38. Rd5 Ne5 39. c5 Nd3 40. Kc4 Be5 41. Kb5 Rc8 42. Rxe5 Nxe5 43. Rf4 Nf3 44. Rxe4 Ne1 45. c6 Nc2 46. Bc5 Na1 47. Rxe7+ Kd8 48. Kb6 Rb8+ 49. Ka7 Rc8 50. Kb7 1-0

[Event "Titled Tuesday intern op 16th Nov"]
[Site "Chess.com INT"]
[Date "2021.11.16"]
[Round "3"]
[White "Mustafayev, Farid Farman Oglu"]
[Black "Nadeev, Sergey Vladimirovic"]
[Result "0-1"]
[WhiteElo "2299"]
[BlackElo "2274"]
[PlyCount "150"]
[EventDate "2021.11.16"]
[EventType "swiss (blitz)"]
[EventRounds "11"]
[EventCountry "USA"]
[SourceTitle "CBM 205 Extra"]
[Source "ChessBase"]
[SourceDate "2022.01.31"]
[SourceVersion "1"]
[SourceVersionDate "2022.01.31"]
[SourceQuality "1"]

1. d4 Nf6 2. c4 c6 3. Nc3 d5 4. e3 e6 5. Qc2 Be7 6. Nf3 Nbd7 7. Bd3 dxc4 8. Bxc4 b5 9. Bd3 a6 10. 0-0 Bb7 11. e4 c5 12. Rd1 cxd4 13. Nxd4 Rc8 14. a3 Qc7 15. h3 Nc5 16. Bg5 Ncxe4 17. Nxe4 Qxc2 18. Nxc2 Nxe4 19. Bxe7 Kxe7 20. Nd4 Rhd8 21. Bxe4 Bxe4 22. f3 Bd5 23. Kf2 Rc4 24. Rac1 Rdc8 25. Rxc4 Rxc4 26. Ke3 g6 27. Rd2 Kd6 28. Ne2 Rc8 29. Nc3 h6 30. Na2 g5 31. Nb4 a5 32. Na2 Ke5 33. Nc3 b4 34. axb4 axb4 35. Ne2 Rc4 36. g3 Rc8 37. Kf2 Ra8 38. Nc1 b3 39. Rd1 Rc8 40. Ke3 Rc2 41. Nd3+ Kd6 42. f4 gxf4+ 43. gxf4 Rh2 44. Nf2 Rg2 45. Ke2 Kc5 46. Rc1+ Kd4 47. Rd1+ Kc4 48. Rc1+ Kb4 49. Rc3 Rg1 50. Nd3+ Kb5 51. Ne1 Bc4+ 52. Kd2 Rf1 53. Re3 Rxf4 54. Re5+ Kb4 55. Rh5 Rf2+ 56. Kc1 Rf6 57. Rh4 Kc5 58. Kd2 Bd5 59. Nd3+ Kd6 60. Rh5 Rg6 61. Nf4 Rf6 62. Nd3 Ke7 63. Kc3 Kf8 64. Kd4 Kg7 65. Rh4 Rf3 66. Rg4+ Kf8 67. h4 Rh3 68. Rf4 Ke7 69. Nb4 Bb7 70. Kc4 f6 71. Rg4 Kf7 72. Rd4 Ke7 73. Rg4 Bf3 74. Rf4 e5 75. Rf5 Ke6 0-1

[Event "Titled Tuesday intern op 08th June"]
[Site "Chess.com INT"]
[Date "2021.06.08"]
[Round "3"]
[White "Kovacs, Klara"]
[Black "Nadeev, Sergey Vladimirovic"]
[Result "0-1"]
[WhiteElo "2177"]
[BlackElo "2274"]
[PlyCount "84"]
[EventDate "2021.06.08"]
[EventType "swiss (blitz)"]
[EventRounds "11"]
[EventCountry "USA"]
[SourceTitle "CBM 202 Extra"]
[Source "ChessBase"]
[SourceDate "2021.07.31"]
[SourceVersion "1"]
[SourceVersionDate "2021.07.31"]
[SourceQuality "1"]

1. Nf3 d5 2. g3 Nf6 3. Bg2 e6 4. 0-0 Be7 5. c4 0-0 6. b3 c5 7. Bb2 d4 8. e3 d3 9. Nc3 Nc6 10. a3 e5 11. e4 Nd4 12. Nxd4 cxd4 13. Nd5 Nxd5 14. cxd5 b6 15. b4 Ba6 16. Qb3 Rc8 17. b5 Bb7 18. Qxd3 f5 19. Rae1 f4 20. a4 Qd7 21. Rc1 g5 22. Ba3 Bxa3 23. Qxa3 g4 24. Rxc8 Rxc8 25. gxf4 exf4 26. Qb4 Qg7 27. Qd6 f3 28. Bh1 Kh8 29. d3 Qf8 30. Qe5+ Qg7 31. Qd6 Qf8 32. Qe6 Re8 33. Qxg4 Qf7 34. Qh4 Rg8+ 35. Bg2 Rxg2+ 36. Kh1 Bc8 37. Rc1 Rg8 38. d6 Qg6 39. Qg3 Qf6 40. Qxg8+ Kxg8 41. Rxc8+ Kf7 42. Rc7+ Ke8 0-1

[Event "Titled Tuesday intern op 04th May"]
[Site "Chess.com INT"]
[Date "2021.05.04"]
[Round "7"]
[White "Roque Sola, Gisela"]
[Black "Nadeev, Sergey Vladimirovic"]
[Result "1/2-1/2"]
[WhiteElo "2046"]
[BlackElo "2274"]
[PlyCount "67"]
[EventDate "2021.05.04"]
[EventType "swiss (blitz)"]
[EventRounds "11"]
[EventCountry "USA"]
[SourceTitle "CBM 202 Extra"]
[Source "ChessBase"]
[SourceDate "2021.07.31"]
[SourceVersion "1"]
[SourceVersionDate "2021.07.31"]
[SourceQuality "1"]

1. c4 e5 2. Nc3 Nf6 3. Nf3 Nc6 4. g3 d5 5. cxd5 Nxd5 6. d3 Be7 7. Bg2 Nb6 8. 0-0 0-0 9. a3 Be6 10. b4 f5 11. b5 Nd4 12. Nxe5 Bf6 13. f4 Nb3 14. Rb1 Qd4+ 15. e3 Qxc3 16. Bb2 Qa5 17. Bxb7 Rae8 18. Bc6 Rd8 19. d4 Qa4 20. Bg2 Bxe5 21. fxe5 Na5 22. Qc1 Qc4 23. Qxc4 Naxc4 24. Rfc1 Nd2 25. Ra1 Nb3 26. Rxc7 Nxa1 27. Bxa1 Rf7 28. Rc6 Bd5 29. Bxd5 Nxd5 30. a4 Nxe3 31. a5 Rb7 32. b6 axb6 33. axb6 Nd5 34. e6 1/2-1/2

[Event "Titled Tuesday intern op 29th Dec"]
[Site "Chess.com INT"]
[Date "2020.12.29"]
[Round "10"]
[White "Olson, Hamish"]
[Black "Nadeev, Sergey Vladimirovic"]
[Result "1/2-1/2"]
[WhiteElo "2246"]
[BlackElo "2274"]
[PlyCount "143"]
[EventDate "2020.12.29"]
[EventType "swiss (blitz)"]
[EventRounds "11"]
[EventCountry "USA"]
[SourceTitle "CBM 200 Extra"]
[Source "ChessBase"]
[SourceDate "2021.03.31"]
[SourceVersion "1"]
[SourceVersionDate "2021.03.31"]
[SourceQuality "1"]

1. e4 e5 2. Nf3 Nc6 3. Bb5 a6 4. Ba4 Nf6 5. 0-0 Be7 6. Re1 b5 7. Bb3 0-0 8. c3 d5 9. exd5 Nxd5 10. Nxe5 Nxe5 11. Rxe5 c6 12. d3 Bd6 13. Re1 Qh4 14. g3 Qh3 15. Re4 Qf5 16. Nd2 Nf6 17. Re1 Qxd3 18. Ne4 Qxd1 19. Nxf6+ gxf6 20. Rxd1 Bc5 21. Be3 Be7 22. Rd4 c5 23. Rh4 Bf5 24. Re1 Rfe8 25. Bd5 Rac8 26. Bb7 Rb8 27. Bc6 Rec8 28. Be4 Bg6 29. Bxg6 hxg6 30. Bf4 Rb7 31. Bc1 f5 32. Rf4 Bg5 33. Rf3 Bxc1 34. Rxc1 Rd7 35. Rc2 Rd1+ 36. Kg2 Re8 37. Re3 Rxe3 38. fxe3 c4 39. h4 Kg7 40. b3 cxb3 41. axb3 Rb1 42. b4 Ra1 43. c4 bxc4 44. Rxc4 Kf6 45. Kf3 Rb1 46. Rc6+ Ke5 47. Rxa6 Rxb4 48. Ra5+ Kf6 49. Ra6+ Kg7 50. Ra5 Rb7 51. Ra6 Kh6 52. Ra8 Rb1 53. Rc8 Kg7 54. Ra8 Kf6 55. Ra6+ Kg7 56. Ra8 Rd1 57. Ke2 Rd7 58. Kf3 Rd6 59. Rb8 Kf6 60. Ra8 Ke5 61. Ra5+ Kf6 62. Ra8 Rd1 63. Ra6+ Kg7 64. Ra8 Rd6 65. Ra7 Rb6 66. Ra8 f6 67. Ra7+ Kh6 68. Rf7 Rc6 69. Kf4 Rb6 70. Kf3 Ra6 71. Kf4 Rb6 72. Kf3 1/2-1/2

[Event "Titled Tuesday intern op 29th Dec"]
[Site "Chess.com INT"]
[Date "2020.12.29"]
[Round "7"]
[White "Shahade, Gregory P"]
[Black "Nadeev, Sergey Vladimirovic"]
[Result "1/2-1/2"]
[WhiteElo "2476"]
[BlackElo "2274"]
[PlyCount "75"]
[EventDate "2020.12.29"]
[EventType "swiss (blitz)"]
[EventRounds "11"]
[EventCountry "USA"]
[SourceTitle "CBM 200 Extra"]
[Source "ChessBase"]
[SourceDate "2021.03.31"]
[SourceVersion "1"]
[SourceVersionDate "2021.03.31"]
[SourceQuality "1"]

1. e4 e5 2. Nf3 Nc6 3. Bb5 a6 4. Ba4 Nf6 5. 0-0 Be7 6. Re1 b5 7. Bb3 0-0 8. a4 Bb7 9. d3 d5 10. exd5 Nxd5 11. axb5 axb5 12. Rxa8 Bxa8 13. Nxe5 Nxe5 14. Rxe5 Bf6 15. Re1 Bd4 16. c3 Bc5 17. d4 Bd6 18. Qh5 g6 19. Qg5 Be7 20. Qh6 Qd7 21. Qh3 Qxh3 22. gxh3 Bd6 23. Bh6 Rb8 24. Nd2 Nf4 25. Bxf4 Bxf4 26. Ne4 Bxe4 27. Rxe4 Bd6 28. Bd5 Kf8 29. Re1 b4 30. c4 Re8 31. Rxe8+ Kxe8 32. b3 c5 33. dxc5 Bxc5 34. Kg2 Ke7 35. f3 Bd6 36. Kf1 Bxh2 37. Ke2 Bd6 38. Ke3 1/2-1/2

[Event "Titled Tuesday intern op 29th Dec"]
[Site "Chess.com INT"]
[Date "2020.12.29"]
[Round "2"]
[White "Vazquez Espino, Uriel"]
[Black "Nadeev, Sergey Vladimirovic"]
[Result "0-1"]
[WhiteElo "1983"]
[BlackElo "2274"]
[PlyCount "104"]
[EventDate "2020.12.29"]
[EventType "swiss (blitz)"]
[EventRounds "11"]
[EventCountry "USA"]
[SourceTitle "CBM 200 Extra"]
[Source "ChessBase"]
[SourceDate "2021.03.31"]
[SourceVersion "1"]
[SourceVersionDate "2021.03.31"]
[SourceQuality "1"]

1. e4 e5 2. Nf3 Nc6 3. Bb5 a6 4. Ba4 Nf6 5. 0-0 Be7 6. Re1 b5 7. Bb3 0-0 8. c3 d5 9. exd5 Nxd5 10. d4 exd4 11. cxd4 Bf6 12. Nc3 Be6 13. Ne4 Be7 14. Neg5 Bf5 15. Ne5 Ncb4 16. Qf3 Bg6 17. Nc6 Nxc6 18. Qxd5 Nxd4 19. Nf3 Nxb3 20. Qxb3 c5 21. Ne5 Bf6 22. Qf3 Qc7 23. Bf4 Bxe5 24. Bxe5 Qb6 25. Qc3 f6 26. Bg3 Rfe8 27. f3 b4 28. Qc4+ Bf7 29. Qh4 c4+ 30. Bf2 Qb5 31. Qg3 Rac8 32. Bd4 Bg6 33. h4 Qd5 34. Qf4 Rcd8 35. Red1 Bd3 36. Bf2 Qe5 37. Qg4 f5 38. Qg5 f4 39. Qg4 Rd6 40. Re1 Be2 41. Qh3 Rde6 42. Qg4 Qf6 43. h5 Qxb2 44. Rac1 Qf6 45. Qh3 c3 46. Qg4 a5 47. Qh3 a4 48. Qg4 b3 49. Bh4 Qe5 50. h6 Rg6 51. Bg5 Rxg5 52. Qxf4 Qxf4 0-1

[Event "Titled Tuesday intern op 15st Dec"]
[Site "Chess.com INT"]
[Date "2020.12.15"]
[Round "9"]
[White "Crevatin, Leo"]
[Black "Nadeev, Sergey Vladimirovic"]
[Result "1-0"]
[WhiteElo "2171"]
[BlackElo "2274"]
[PlyCount "77"]
[EventDate "2020.12.15"]
[EventType "swiss (blitz)"]
[EventRounds "11"]
[EventCountry "USA"]
[SourceTitle "CBM 199 Extra"]
[Source "ChessBase"]
[SourceDate "2021.01.31"]
[SourceVersion "1"]
[SourceVersionDate "2021.01.31"]
[SourceQuality "1"]

1. d4 Nf6 2. c4 c6 3. Nc3 d5 4. cxd5 cxd5 5. Bf4 Nc6 6. e3 Bf5 7. Qb3 Qb6 8. Qxb6 axb6 9. Bb5 e6 10. Nf3 Nd7 11. 0-0 f6 12. Bg3 g5 13. h3 h5 14. Nd2 h4 15. Bh2 Ra5 16. a4 Bb4 17. Rac1 Ke7 18. Rfd1 Raa8 19. e4 dxe4 20. Ndxe4 Rac8 21. d5 Bxe4 22. Nxe4 exd5 23. Rxd5 Nce5 24. Rcd1 Rhd8 25. Nxf6 Nxf6 26. Rxd8 Rxd8 27. Rxd8 Kxd8 28. Bxe5 Ke7 29. f3 Nd5 30. Bd4 Bc5 31. Bxc5+ bxc5 32. Kf2 b6 33. g3 Kf6 34. Bc4 Ne7 35. f4 hxg3+ 36. Kxg3 Nf5+ 37. Kf3 Nd4+ 38. Ke4 gxf4 39. Kxf4 1-0

[Event "Titled Tuesday intern op 15st Dec"]
[Site "Chess.com INT"]
[Date "2020.12.15"]
[Round "1"]
[White "Kamsky, Gata"]
[Black "Nadeev, Sergey Vladimirovic"]
[Result "1-0"]
[WhiteElo "2665"]
[BlackElo "2274"]
[PlyCount "109"]
[EventDate "2020.12.15"]
[EventType "swiss (blitz)"]
[EventRounds "11"]
[EventCountry "USA"]
[SourceTitle "CBM 199 Extra"]
[Source "ChessBase"]
[SourceDate "2021.01.31"]
[SourceVersion "1"]
[SourceVersionDate "2021.01.31"]
[SourceQuality "1"]

1. d4 Nf6 2. Nf3 d5 3. Bf4 c5 4. e3 Nc6 5. Nbd2 Qb6 6. dxc5 Qxc5 7. a3 Bg4 8. h3 Bh5 9. c4 e5 10. b4 Qe7 11. Bg5 0-0-0 12. cxd5 Rxd5 13. Qb3 Rd7 14. b5 Nd8 15. Qc3+ Rc7 16. Qxe5 Ne6 17. Bh4 Bg6 18. Bg3 Nd7 19. Qb2 Rc5 20. Be2 Rc2 21. Rc1 Qc5 22. Rxc2 Qxc2 23. Qxc2+ Bxc2 24. Nc4 Nb6 25. Nxb6+ axb6 26. Kd2 Be4 27. Rc1+ Bc5 28. Ke1 Kd7 29. Ne5+ Ke7 30. f3 Bg6 31. Nc4 Ra8 32. Be5 f6 33. Bb2 Bf7 34. Bd3 Nc7 35. Ke2 Nxb5 36. Nxb6 Bxb6 37. Bxb5 Be6 38. a4 Rd8 39. Ba3+ Kf7 40. e4 f5 41. Bc4 fxe4 42. Bxe6+ Kxe6 43. Rb1 exf3+ 44. gxf3 Bd4 45. Rxb7 Ra8 46. Rb4 Bc5 47. Re4+ Kd5 48. Bxc5 Kxc5 49. Re7 Rxa4 50. Rxg7 Rh4 51. Rg3 Kd5 52. Kf2 Ke5 53. Kg2 Kf5 54. Rg8 Ra4 55. Kg3 1-0

[Event "Titled Tuesday intern op 15st Dec"]
[Site "Chess.com INT"]
[Date "2020.12.15"]
[Round "8"]
[White "Nadeev, Sergey Vladimirovic"]
[Black "Diaz Villagran, Robert"]
[Result "0-1"]
[WhiteElo "2274"]
[BlackElo "2305"]
[PlyCount "100"]
[EventDate "2020.12.15"]
[EventType "swiss (blitz)"]
[EventRounds "11"]
[EventCountry "USA"]
[SourceTitle "CBM 199 Extra"]
[Source "ChessBase"]
[SourceDate "2021.01.31"]
[SourceVersion "1"]
[SourceVersionDate "2021.01.31"]
[SourceQuality "1"]

1. e4 c5 2. Nf3 d6 3. d4 cxd4 4. Nxd4 Nf6 5. Nc3 a6 6. Bg5 e6 7. f4 h6 8. Bh4 Be7 9. Bf2 Qc7 10. Be2 b5 11. Bf3 b4 12. Nb1 Bb7 13. Nd2 Nbd7 14. 0-0 g6 15. Re1 e5 16. Ne2 Nc5 17. fxe5 dxe5 18. Ng3 Rd8 19. a3 b3 20. Qc1 bxc2 21. Qxc2 Ne6 22. Qxc7 Nxc7 23. Nc4 Nd7 24. Rac1 Nb5 25. Red1 0-0 26. a4 Nd4 27. Nxe5 Nxe5 28. Bxd4 Nxf3+ 29. gxf3 Bg5 30. Rb1 Rxd4 31. Rxd4 Be3+ 32. Kg2 Bxd4 33. b4 Rc8 34. Rd1 Rc2+ 35. Kh1 Be5 36. Rd7 Bc6 37. Re7 Bd6 38. Ra7 Bxb4 39. Rxa6 Kg7 40. a5 Bd7 41. h4 h5 42. Ra8 Be6 43. a6 Ra2 44. Nf1 Ra1 45. Kg2 Bc4 46. Ne3 Rxa6 47. Rb8 Ra2+ 48. Kh1 Bd6 49. Nxc4 Ra1+ 50. Kg2 Bxb8 0-1

[Event "Titled Tuesday intern op 01st Dec"]
[Site "Chess.com INT"]
[Date "2020.12.01"]
[Round "3"]
[White "Chigaev, Maksim"]
[Black "Nadeev, Sergey Vladimirovic"]
[Result "1-0"]
[WhiteElo "2619"]
[BlackElo "2274"]
[PlyCount "63"]
[EventDate "2020.12.01"]
[EventType "swiss (blitz)"]
[EventRounds "11"]
[EventCountry "USA"]
[SourceTitle "CBM 199 Extra"]
[Source "ChessBase"]
[SourceDate "2021.01.31"]
[SourceVersion "1"]
[SourceVersionDate "2021.01.31"]
[SourceQuality "1"]

1. c4 e5 2. g3 Nf6 3. Bg2 d5 4. cxd5 Nxd5 5. Nf3 Nc6 6. 0-0 Be7 7. d4 e4 8. Ne5 Nxe5 9. dxe5 Bf5 10. Bxe4 Bxe4 11. Qa4+ Qd7 12. Qxe4 0-0 13. Nc3 Nxc3 14. bxc3 c6 15. Be3 Qe6 16. f4 f6 17. Bd4 c5 18. Be3 fxe5 19. fxe5 b5 20. a4 b4 21. cxb4 cxb4 22. Rxf8+ Rxf8 23. Bxa7 b3 24. a5 b2 25. Rb1 Qa2 26. Bd4 Ba3 27. a6 Be7 28. a7 Qa5 29. Kg2 Ba3 30. e6 Re8 31. Qb7 Qh5 32. a8Q 1-0

[Event "Titled Tuesday intern op 24th Nov"]
[Site "Chess.com INT"]
[Date "2020.11.24"]
[Round "6"]
[White "Nadeev, Sergey Vladimirovic"]
[Black "Herrera Reyes, Jose Antonio"]
[Result "0-1"]
[WhiteElo "2274"]
[BlackElo "2304"]
[PlyCount "86"]
[EventDate "2020.11.24"]
[EventType "swiss (blitz)"]
[EventRounds "11"]
[EventCountry "USA"]
[SourceTitle "CBM 199 Extra"]
[Source "ChessBase"]
[SourceDate "2021.01.31"]
[SourceVersion "1"]
[SourceVersionDate "2021.01.31"]
[SourceQuality "1"]

1. d4 Nf6 2. Bf4 c5 3. dxc5 a5 4. a4 Na6 5. Nc3 Nxc5 6. g3 d6 7. Bg2 g6 8. e4 Ne6 9. Be3 Bg7 10. h3 0-0 11. Nge2 Bd7 12. 0-0 Bc6 13. Qd2 Re8 14. Rfd1 Nd7 15. Nd5 Bxd5 16. exd5 Nec5 17. Nd4 Ne5 18. b3 Rc8 19. Rab1 Na6 20. f4 Nd7 21. Nb5 Nb4 22. c3 Na6 23. Rdc1 Nac5 24. Bd4 Nf6 25. Re1 h5 26. f5 Qd7 27. fxg6 fxg6 28. Qg5 Kh7 29. Re3 e5 30. dxe6 Nxe6 31. Qh4 g5 32. Rxe6 gxh4 33. Rxd6 Qe7 34. Rf1 Rf8 35. Rf5 Qe1+ 36. Rf1 Qe7 37. Rf5 hxg3 38. h4 Ng4 39. Rxh5+ Kg8 40. Bd5+ Rf7 41. Rf5 Qe1+ 42. Kg2 Qe2+ 43. Kxg3 Qd3+ 0-1

[Event "Titled Tuesday intern op 24th Nov"]
[Site "Chess.com INT"]
[Date "2020.11.24"]
[Round "3"]
[White "Nadeev, Sergey Vladimirovic"]
[Black "Pichot, Alan"]
[Result "0-1"]
[WhiteElo "2274"]
[BlackElo "2630"]
[PlyCount "95"]
[EventDate "2020.11.24"]
[EventType "swiss (blitz)"]
[EventRounds "11"]
[EventCountry "USA"]
[SourceTitle "CBM 199 Extra"]
[Source "ChessBase"]
[SourceDate "2021.01.31"]
[SourceVersion "1"]
[SourceVersionDate "2021.01.31"]
[SourceQuality "1"]

1. d4 Nf6 2. Bf4 c5 3. dxc5 Na6 4. Nc3 Nxc5 5. g3 g6 6. Bg2 Bg7 7. Nf3 0-0 8. 0-0 d6 9. Rb1 Bd7 10. Ng5 Rb8 11. Nge4 Nfxe4 12. Nxe4 Nxe4 13. Bxe4 Qa5 14. a3 Bc6 15. Bg2 Rfc8 16. e4 b5 17. c3 Qb6 18. Qd2 a5 19. Bg5 Rc7 20. Be3 Qb7 21. Bd4 Bxe4 22. Bxe4 Qxe4 23. Bxg7 Kxg7 24. Rfe1 Qc6 25. Rbd1 Qc5 26. Re4 Rb6 27. h4 e6 28. Rd4 Rcc6 29. Rg4 Qh5 30. Rg5 Qf3 31. Re1 h6 32. Re3 Qf6 33. Rg4 Rc4 34. Ree4 d5 35. Ref4 Rxf4 36. Rxf4 Qe5 37. Rd4 Rc6 38. a4 Rb6 39. axb5 Rxb5 40. Ra4 Qf6 41. Kg2 Qe5 42. Kg1 Qb8 43. b3 Rxb3 44. Qd4+ e5 45. Qxd5 Rb1+ 46. Kg2 Rb5 47. Qe4 Rc5 48. Rd4 0-1